NBA Team Colors Quiz - Statistics

General Stats
  • This quiz has been taken 360 times
  • The average score is 15 of 30
Answer Stats
Colors Team % Correct
Kings
89%
Lakers
83%
Bucks
69%
Celtics
66%
Warriors
63%
Thunder
61%
Timberwolves
58%
Suns
57%
Cavaliers
54%
Spurs
54%
Wizards
54%
Knicks
53%
Pacers
53%
Hornets
52%
Nets
52%
Pelicans
48%
Bulls
46%
Heat
45%
Magic
42%
Trail Blazers
42%
Mavericks
41%
76ers
39%
Hawks
39%
Jazz
39%
Pistons
39%
Grizzlies
38%
Raptors
37%
Nuggets
34%
Rockets
34%
Clippers
33%
No matching quizzes found
Score Distribution
Percent of People with Each Score
Percentile by Number Answered
Your Score History
You have not taken this quiz